000
00162nam a22000857a 4500
082
_a
300
100
_a
UNKNOWN
245
_a
SOCIAL SCIENCE X (SHIVA CBSE)
942
_c
BK
999
_c
8121
_d
8121